Elías' modern dictionary arabic-english / (Record no. 59158)

MARC details
000 -LEADER
campo de control de longitud fija 00566nam a2200181 i 4500
001 - NÚMERO DE CONTROL
campo de control 59158
003 - IDENTIFICADOR DE NÚMERO DE CONTROL
campo de control ES-MaACL
005 - FECHA Y HORA DE LA ÚLTIMA TRANSACCIÓN
campo de control 20230906163958.0
007 - CAMPO FIJO DE DESCRIPCIÓN FÍSICA--INFORMACIÓN GENERAL
campo de control de longitud fija t|
008 - DATOS DE LONGITUD FIJA--INFORMACIÓN GENERAL
campo de control de longitud fija 031027s1930 ua ||||1| eng d
100 1# - ENTRADA PRINCIPAL--NOMBRE DE PERSONA
Nombre de persona Elías, Elías A.
9 (RLIN) 46958
245 10 - MENCIÓN DEL TÍTULO
Título Elías' modern dictionary arabic-english /
Mención de responsabilidad, etc. by Elías A. Elías.
250 ## - MENCION DE EDICION
Mención de edición 2nd ed., rev. and enl.
260 ## - PUBLICACIÓN, DISTRIBUCIÓN, ETC.
Lugar de publicación, distribución, etc. Cairo :
Nombre del editor, distribuidor, etc. Elías Modern Press,
Fecha de publicación, distribución, etc. 1930.
300 ## - DESCRIPCIÓN FÍSICA
Extensión 741 p., 3 lám. :
Otras características físicas il. ;
Dimensiones 24 cm.
650 #4 - PUNTO DE ACCESO ADICIONAL DE MATERIA--TÉRMINO DE MATERIA
Término de materia o nombre geográfico como elemento de entrada Lengua árabe-
Subdivisión de forma Diccionarios-
Subdivisión general Inglés.
9 (RLIN) 162357
852 ## - LOCALIZACIÓN
Ubicación ES-MaACL
Número de control de estantería E-1968
Sublocalización o colección R.22922
Holdings
Estatus retirado Estado de pérdida Estado de daño No para préstamo Biblioteca de origen Biblioteca actual Ubicación en estantería Fecha de adquisición Fuente de adquisición Total de préstamos Signatura topográfica completa Código de barras Visto por última vez Precio de reemplazo Tipo de ítem Koha
        Biblioteca del Ateneo de Madrid Biblioteca del Ateneo de Madrid Depósito 2 17/01/2008     E-1968 1062057 23/02/2023 23/02/2023 Libro impreso